000 01057nam a2200313 i 4500
001 000029606
003 DO-SdBNP
005 20250722142202.0
007 ta
008 110419s2006 dr 000 0 spa d
040 _aDO-SdBNP
_bspa
_cBNPHU
_erda
082 _222
_bJ828
111 2 _aJornada nacional. Capacitación Municipal
_956426
245 1 0 _aMarco legal de los municipios /
_ctexto Moraima Veras.
246 _aPor una municipalidad democrática, participativa, transparente y moderna
264 _aSanto Domingo :
_bCONARE,
_c2006.
300 _a33 p. ;
_c28 cm.
336 _2rdaconten.
_atexto
_btxt
337 _2rdamedia
_asin mediación
_bn
338 _2rdacarrier
_avolumen
_bnc
490 1 _aCuaderno
_v2
590 _aInventariado, 2023 / DG
650 0 _aGobierno municipal
_xLegislación
_zRepública Dominicana
_917207
650 4 _aGobierno local
_xLegislación
_zRepública Dominicana
_983051
700 1 _aVeras, Moraima
_937008
710 2 _aConsejo Nacional de Reforma del Estado
_910038
910 _aDG
942 _2ddc
_cLF2
999 _c29098
_d29098